Normal view
MARC view
- Kashif Shehzad
Entry Personal Name
001 - CONTROL NUMBER
- control field: 48037
003 - CONTROL NUMBER IDENTIFIER
- control field: NUST
005 - DATE AND TIME OF LATEST TRANSACTION
- control field: 20210314133945.0
008 - FIXED-LENGTH DATA ELEMENTS
- fixed length control field: 210314|| aca||aabn | a|a d
040 ## - CATALOGING SOURCE
- Original cataloging agency: NUST
- Transcribing agency: NUST
100 ## - HEADING--PERSONAL NAME
- Personal name: Kashif Shehzad
670 ## - SOURCE DATA FOUND
- Source citation: Work cat.: (NUST): Kashif Shehzad., Evaluation of refraction survey geological predictions in kohat tunnel project/, 2002.
